000 01059cab a2200193 4500
001 ##L134371
008 060801n2006 000 0 eng u
035 _a(Sirsi) u134371
041 0 _aeng
100 1 _aAtkinson, James
245 0 0 _aJoining forces
260 _c2006
490 0 _aContract Journal
_v434(6584) 19 July 2006, 22-23(2)
520 _aReports on the formation of the Property Maintenance Network (PMN), an alliance of small and medium sized regional contractors, which aims to compete with national firms in offering clients a comprehensive maintenance service. Each member of the PMN has to agree to a strict code of ethics covering core service issues. Regular meetings between the client and main contractor monitor progress, with the latter remaining responsible for work done by other companies in the PMN. At present, the PMN concentrates on reactive and routine maintenance work, and has no plans to move into new construction.
590 _aIKA010806
651 4 _aGREAT BRITAIN
690 _aRefurbishment
_96264
942 _n0
999 _c77487
_d77487